| 000 | 00353nam a2200133Ia 4500 | ||
|---|---|---|---|
| 008 | 220217s9999||||xx |||||||||||||| ||und|| | ||
| 020 | _a978-81-3121-718-4 | ||
| 082 | _a371.122 PAR | ||
| 100 |
_aPardey, David _97565 |
||
| 245 | 0 | _aCoaching | |
| 260 |
_aButter worth _bNew Delhi _c2008 |
||
| 300 |
_aVII,120p.;28cm _b250 |
||
| 650 | _aGENERAL BOOKS | ||
| 999 |
_c181173 _d181173 |
||